| 000 | 00888cam a2200181 4500 | ||
|---|---|---|---|
| 001 | WB3908-20 | ||
| 008 | 030226n2003 000 0 eng u | ||
| 035 | _a(Sirsi) u121438 | ||
| 245 | _aGuide to playing fields published | ||
| 260 | _c2003 | ||
| 490 |
_aSport England Press Release _v 13 February 2003 (2) |
||
| 520 | _a"Towards a level playing field" has been published by Sport England aiming to provide new sports pitches and to stem their loss. It is targeted at local authorities and includes an electronic toolkit for assessment of facilities. Copies of the guide are downloadable from http://www.sportengland.org/whatwedo/places/pitch_strategy.htm or t +44 (0)20 7273 1500 http://www.sportengland.org/press_releases/playing-fields-guidance.htm | ||
| 590 | _aWB | ||
| 650 | _aPLAYING FIELDS | ||
| 650 | _aSPORTS FACILITIES | ||
| 690 | _aLEISURE AND RECREATION | ||
| 942 | _n0 | ||
| 999 |
_c72161 _d72161 |
||